000 01187nam a22003137a 4500
001 B-262899
003 dpl
005 20080602112520.0
006 a|||||r|||||00| 1
007 ta
008 080602t xxu||||| |||| 00| 0 eng d
010 _aB-262899
020 _a076077269X
_c395.00
037 _a43803
_bSuper Book/24.4.08/27/8.4.08/19.5.08/395.00/
_c395.00
040 _aDPL
_bEnglish
_cDPL
_dDPL
_eDPL
082 _a S / KAR
100 _aKarstkarel, Maike
245 _a(Three hundred sixty five) 365 bedtime duck tales /
_cBy Maike Karstkarel; translated by Francesca Kudryashova; illustrated by Maan Jansen
260 _aNew York
_bBackpack Books
_c2005
260 _aNew Delhi
_bSuper Book Distributors
270 _a122 Fifth Avenue
_bNew York
_eNY10011
270 _aF-1/16, Basement Ansari Road, Darya Ganj
_bNew Delhi
_e110002
300 _a237p.
_bcol. ill.
_c27 cm (Hb)
490 _a
700 _aKudryashova, Francesca
700 _aJansen, Maan
942 _2ddc
_cCH
999 _c13392
_d13392